<?xml version="1.0" encoding="UTF-8"?>
<marc:record xmlns:marc="http://www.loc.gov/MARC21/slim">
   <marc:leader>00000nam a2200000 a 4500</marc:leader>
   <marc:datafield ind1="0" ind2="0" tag="245">
      <marc:subfield code="a">Disney Vaiana</marc:subfield>
   </marc:datafield>
   <marc:datafield ind1="0" ind2="0" tag="245">
      <marc:subfield code="b">Das Paradies hat einen Haken</marc:subfield>
   </marc:datafield>
   <marc:datafield ind1=" " ind2="1" tag="264">
      <marc:subfield code="a">Hamburg</marc:subfield>
      <marc:subfield code="b">Disney Enterprices</marc:subfield>
      <marc:subfield code="c">2017</marc:subfield>
   </marc:datafield>
   <marc:datafield ind1="1" ind2=" " tag="490">
      <marc:subfield code="a">15</marc:subfield>
   </marc:datafield>
   <marc:datafield ind1="1" ind2=" " tag="520">
      <marc:subfield code="a">Die temperamentvolle und eigenwillige Vaiana ist von Geburt an mit einer einzigartigen Verbindung zum Ozean gesegnet. Mutig setzt sie die Segel und macht sich zusammen mit dem selbstverliebten Halbgott Maui auf die Suche nach den Geheimnissen ihrer Vorfahren. Ihr Weg birgt jede Menge aufregende Erlebnisse und Begegnungen mit den verrücktesten Kreaturen und führt Vaiana letztlich nicht nur auf die Spur ihrer Ahnen, sondern auch zu sich selbst!</marc:subfield>
   </marc:datafield>
   <marc:datafield ind1=" " ind2=" " tag="020">
      <marc:subfield code="a">8717418498856</marc:subfield>
      <marc:subfield code="9">8717418498856</marc:subfield>
   </marc:datafield>
   <marc:datafield ind1="0" ind2=" " tag="490">
      <marc:subfield code="v">0</marc:subfield>
   </marc:datafield>
</marc:record>
